| 000 | 00845nam a22002657a 4500 | ||
|---|---|---|---|
| 999 |
_c1737 _d1737 |
||
| 003 | AR-CdUCM | ||
| 008 | 190227b ||||| |||| 00| 0 spa d | ||
| 020 | _a9631302784 | ||
| 040 |
_aMUNICIPALIDAD PROVINCIAL DEL CUSCO _cBIBLIOTECA MUNICIPAL DEL CUSCO |
||
| 041 | _hhun | ||
| 082 |
_a894.511 / _bAD26 |
||
| 100 |
_aAdy, Endre _96392 |
||
| 245 |
_aPoesías / _c |
||
| 260 |
_aBudapest : _bCorvina, _c1977. |
||
| 300 |
_a150 páginas ; _c20 cm. |
||
| 500 | _aEn conmemoración del centenario de Endre Ady. | ||
| 650 |
_aLiteratura hungara _96393 |
||
| 650 |
_aPoesía _9139 |
||
| 650 |
_aColecciones _9607 |
||
| 700 |
_aTóth, Éva (traductora - selección y prólogo) _96394 |
||
| 700 |
_aChericián, David (versión y postfacio) _96395 |
||
| 700 |
_aVályi-Nagy, Susana (traductora) _96396 |
||
| 942 |
_2ddc _cLIBROS |
||
| 945 | _azta | ||